فقه المعاملات / (رقم التسجيلة. 3125)

تفاصيل مارك
000 -الفاتح
عناصر البيانات ثابتة الطول 00814cam a2200205 i 4500
005 - تاريخ ووقت آخر معاملة
حقل ضبط 20251208114125.0
008 - عناصر البيانات ثابتة الطول
عناصر البيانات ثابتة الطول 250721s1995 le gr 000 0 ara d
082 14 - رقم تصنيف ديوي العشري
رقم التصنيف 216.3
رقم المادة ت ي م
100 1# - مدخل رئيسي – اسم شخصي
الاسم الشخصي إبن تيمية، تقي الدين أبو العباس
علاقة الشخص بالعمل/ دوره مؤلف.
245 10 - بيان العنوان
العنوان فقه المعاملات /
بيان المسؤولية للامام شيخ الاسلام احمد بن تيمية ؛ اعداد الشيخ زهير الكبي.
264 31 - بيانات النشر، التوزيع…إلخ
مكان النشر، التوزيع...إلخ بيروت :
اسم الناشر، الموزع...إلخ دار الفكر العربي،
تاريخ النشر، التوزيع...إلخ 1995.
300 ## - الوصف المادي
عدد الوحدات المكونة للوعاء 320 صفحه.
490 0# - بيان السلسلة
عنوان السلسلة موسوعة فقه السنة
650 17 - مدخل إضافي بالموضوع - مصطلح موضوعي
مصطلح موضوعي أو اسم جغرافي كعنصر مدخل الفقه الإسلامي.
650 17 - مدخل إضافي بالموضوع - مصطلح موضوعي
مصطلح موضوعي أو اسم جغرافي كعنصر مدخل المعاملات (فقه إسلامي).
650 17 - مدخل إضافي بالموضوع - مصطلح موضوعي
مصطلح موضوعي أو اسم جغرافي كعنصر مدخل الإقتصاد الإسلامي.
700 1# - مدخل إضافي - اسم شخصي
الاسم الشخصي الكبي، زهير
علاقة الشخص بالعمل/ دوره معد.
942 ## - بيانات إضافية (كوها)
نوع التنصيف Dewey Decimal Classification
نوع المادة (كوها) كتب
المقتنيات
حالة السحب حالة الفقدان مصدر التصنيف حالة التلف غير قابل للإعارة المكتبة الرئيسية المكتبة الحالية موقع الرف تاريخ التزويد الرقم المتسلسل Total Checkouts رقم الإستدعاء الباركود تاريخ آخر ظهور تاريخ الفاتورة نوع المادة (كوها)
    Dewey Decimal Classification     المكتبة المركزية المكتبة المركزية الإعارة 06/07/2004 471136   216.3 / ت ي م 471136 28/07/2025 06/07/2004 كتب
Implemented & Customized by: BBB with SCIT (Smart Chains for Information Technology)

Powered by Koha